[Event "Mittelfrank Regionalliga Nord-West 2223"]
[Site "Mittelfranken"]
[Date "2023.04.23"]
[Round "9.2"]
[White "Frey, Michael"]
[Black "Schindler, Viktor"]
[Result "1/2-1/2"]
[WhiteElo "2085"]
[BlackElo "2061"]
[PlyCount "60"]
[EventDate "2022.10.09"]
[EventType "team-tourn"]
[EventRounds "9"]
[EventCountry "GER"]
[SourceTitle "EXT 2024"]
[Source "ChessBase"]
[SourceDate "2023.10.10"]
[SourceVersion "1"]
[SourceVersionDate "2023.10.10"]
[SourceQuality "1"]
[WhiteTeam "Aschaffenburg"]
[BlackTeam "Hof PTSV"]
[WhiteTeamCountry "GER"]
[BlackTeamCountry "GER"]

1. e4 c5 2. Nf3 e6 3. d4 cxd4 4. Nxd4 Nc6 5. Nc3 Qc7 6. Be3 a6 7. a3 Nf6 8. f4 d6 9. Qf3 Bd7 10. 0-0-0 Rc8 11. Kb1 Nxd4 12. Rxd4 d5 13. exd5 exd5 14. Bd3 Be7 15. Nxd5 Nxd5 16. Qxd5 Bc6 17. Qh5 g6 18. Qe2 0-0 19. f5 Bf6 20. Rg4 Qe5 21. Bc1 Qxe2 22. Bxe2 h5 23. Rg3 Be5 24. Re3 Bd4 25. Rd3 Bxg2 26. Rhd1 Bg7 27. Rg3 Be4 28. Bd3 Bxd3 29. Rdxd3 Rc6 30. Rd7 Re8 1/2-1/2

[Event "Mittelfrank Regionalliga Nord-West 2223"]
[Site "Mittelfranken"]
[Date "2023.03.19"]
[Round "8.2"]
[White "Feldheim, Jonas"]
[Black "Frey, Michael"]
[Result "1/2-1/2"]
[WhiteElo "2055"]
[BlackElo "2085"]
[PlyCount "26"]
[EventDate "2022.10.09"]
[EventType "team-tourn"]
[EventRounds "9"]
[EventCountry "GER"]
[SourceTitle "EXT 2024"]
[Source "ChessBase"]
[SourceDate "2023.10.10"]
[SourceVersion "1"]
[SourceVersionDate "2023.10.10"]
[SourceQuality "1"]
[WhiteTeam "Stetten"]
[BlackTeam "Aschaffenburg"]
[WhiteTeamCountry "GER"]
[BlackTeamCountry "GER"]

1. e4 d6 2. d4 Nf6 3. Nc3 e5 4. dxe5 dxe5 5. Qxd8+ Kxd8 6. Bc4 Bb4 7. Bd2 Be6 8. Bxe6 fxe6 9. Nf3 Nc6 10. a3 Bxc3 11. Bxc3 Nxe4 12. Bxe5 Nxe5 13. Nxe5 Ke7 1/2-1/2

[Event "Landesliga Nord 1314"]
[Site "Bayern"]
[Date "2014.01.19"]
[Round "5.6"]
[White "Frey, Michael"]
[Black "Gerl, Hans Peter"]
[Result "1/2-1/2"]
[WhiteElo "2090"]
[BlackElo "2060"]
[PlyCount "83"]
[EventDate "2013.10.13"]
[EventType "team"]
[EventRounds "9"]
[EventCountry "GER"]
[SourceTitle "EXT 2015"]
[Source "ChessBase"]
[SourceDate "2014.11.20"]
[SourceVersion "1"]
[SourceVersionDate "2014.11.20"]
[SourceQuality "1"]
[WhiteTeam "Obernau"]
[BlackTeam "Zirndorf"]
[WhiteTeamCountry "GER"]
[BlackTeamCountry "GER"]

1. e4 c5 2. d4 cxd4 3. c3 dxc3 4. Nxc3 Nc6 5. Nf3 d6 6. Bc4 e6 7. 0-0 Be7 8. Qe2 a6 9. Rd1 Qc7 10. Bf4 Nf6 11. Rac1 Qb8 12. h3 0-0 13. e5 Nh5 14. Bh2 d5 15. Bd3 g6 16. g4 Ng7 17. Qe3 Rd8 18. Qh6 Ne8 19. Ng5 Bxg5 20. Qxg5 Qc7 21. Bf4 Qe7 22. Qh6 f6 23. exf6 Nxf6 24. Ne2 e5 25. Bg5 e4 26. Qh4 Rf8 27. Nf4 Be6 28. Be2 Rad8 29. Bxa6 Ne5 30. Be2 d4 31. Nxe6 Qxe6 32. Rc7 Rf7 33. Rxf7 Kxf7 34. Rc1 d3 35. Bd1 Rd7 36. Qh6 b5 37. Rc8 Qd6 38. Bxf6 Kxf6 39. Qd2 Rc7 40. Rxc7 Qxc7 41. Qf4+ Kg7 42. Qxe4 1/2-1/2

[Event "Landesliga Nord 1314"]
[Site "Bayern"]
[Date "2013.10.13"]
[Round "1.6"]
[White "Frey, Michael"]
[Black "Nuding, Matthias"]
[Result "1-0"]
[WhiteElo "2090"]
[BlackElo "2143"]
[PlyCount "53"]
[EventDate "2013.10.13"]
[EventType "team"]
[EventRounds "9"]
[EventCountry "GER"]
[SourceTitle "EXT 2015"]
[Source "ChessBase"]
[SourceDate "2014.11.20"]
[SourceVersion "1"]
[SourceVersionDate "2014.11.20"]
[SourceQuality "1"]
[WhiteTeam "Obernau"]
[BlackTeam "Nuernberg NT II"]
[WhiteTeamCountry "GER"]
[BlackTeamCountry "GER"]

1. e4 e6 2. d4 d5 3. exd5 exd5 4. c4 Nf6 5. Nf3 Be7 6. Nc3 0-0 7. cxd5 Nxd5 8. Bd3 c6 9. h3 Bf6 10. 0-0 Nxc3 11. bxc3 Re8 12. Rb1 Nd7 13. Be3 Nf8 14. Qd2 b6 15. Rbd1 Bb7 16. c4 Ng6 17. Qc2 Qc7 18. Rfe1 Rad8 19. Rd2 Qb8 20. Rde2 Kf8 21. Ng5 Bxg5 22. Bxg5 Rxe2 23. Qxe2 Rxd4 24. c5 Rd5 25. Be7+ Kg8 26. Bd6 Rxd6 27. Qe8+ 1-0

[Event "Oberliga Bayern 1213"]
[Site "Bayern"]
[Date "2013.02.03"]
[Round "6.7"]
[White "Frey, Michael"]
[Black "Heimrath, Reiner"]
[Result "1/2-1/2"]
[WhiteElo "1996"]
[BlackElo "2229"]
[PlyCount "84"]
[EventDate "2012.10.14"]
[EventType "team-tourn"]
[EventRounds "9"]
[EventCountry "GER"]
[SourceTitle "EXT 2015"]
[Source "ChessBase"]
[SourceDate "2014.11.20"]
[SourceVersion "1"]
[SourceVersionDate "2014.11.20"]
[SourceQuality "1"]
[WhiteTeam "Obernau"]
[BlackTeam "Nuernberg NT"]
[WhiteTeamCountry "GER"]
[BlackTeamCountry "GER"]

1. d4 g6 2. e4 Bg7 3. Nc3 d6 4. f4 a6 5. Nf3 b5 6. Be3 Bb7 7. Bd3 Nd7 8. e5 c5 9. Be4 Qc8 10. Qe2 b4 11. Bxb7 Qxb7 12. Nd1 cxd4 13. Bxd4 dxe5 14. fxe5 e6 15. Nf2 Ne7 16. 0-0-0 0-0 17. h4 Nf5 18. Rh3 Rfd8 19. h5 Nxd4 20. Rxd4 Qb6 21. hxg6 hxg6 22. Ng4 Qa5 23. Qd3 Nc5 24. Qc4 b3 25. a3 Rxd4 26. Qxd4 Rd8 27. Qc3 Qb5 28. Rh1 bxc2 29. Nf6+ Bxf6 30. exf6 Ne4 31. Qc7 Qd5 32. Qxc2 Qa2 33. Qc7 Qa1+ 34. Kc2 Qxh1 35. Qxd8+ Kh7 36. Qf8 Qxg2+ 37. Kb1 Qf1+ 38. Ka2 Qc4+ 39. Ka1 Qc1+ 40. Ka2 Qc4+ 41. Ka1 Qc1+ 42. Ka2 Qc4+ 1/2-1/2

[Event "Oberliga Bayern 1213"]
[Site "Bayern"]
[Date "2013.01.13"]
[Round "5.7"]
[White "Scheckenbach, Franz"]
[Black "Frey, Michael"]
[Result "1/2-1/2"]
[WhiteElo "2105"]
[BlackElo "1996"]
[PlyCount "40"]
[EventDate "2012.10.14"]
[EventType "team-tourn"]
[EventRounds "9"]
[EventCountry "GER"]
[SourceTitle "EXT 2015"]
[Source "ChessBase"]
[SourceDate "2014.11.20"]
[SourceVersion "1"]
[SourceVersionDate "2014.11.20"]
[SourceQuality "1"]
[WhiteTeam "Groebenzell"]
[BlackTeam "Obernau"]
[WhiteTeamCountry "GER"]
[BlackTeamCountry "GER"]

1. e4 c6 2. d4 d5 3. e5 Bf5 4. Nf3 e6 5. Be2 Nh6 6. 0-0 Nd7 7. Be3 Bg6 8. Nbd2 Nf5 9. Bf4 Be7 10. h3 0-0 11. g4 Nh4 12. Nxh4 Bxh4 13. Nf3 Be7 14. Qd2 c5 15. c3 Rc8 16. Rac1 f6 17. Bg3 Be4 18. exf6 Bxf6 19. Ne5 Nxe5 20. dxe5 Bh4 1/2-1/2

[Event "Landesliga Nord 1112"]
[Site "Bayern"]
[Date "2012.04.15"]
[Round "9.7"]
[White "Saathoff, Richard"]
[Black "Frey, Michael"]
[Result "1-0"]
[WhiteElo "2113"]
[BlackElo "2047"]
[PlyCount "95"]
[EventDate "2011.10.02"]
[EventType "team-tourn"]
[EventRounds "9"]
[EventCountry "GER"]
[SourceTitle "EXT 2015"]
[Source "ChessBase"]
[SourceDate "2014.11.20"]
[SourceVersion "1"]
[SourceVersionDate "2014.11.20"]
[SourceQuality "1"]
[WhiteTeam "Nuernberg Sued SW"]
[BlackTeam "Obernau"]
[WhiteTeamCountry "GER"]
[BlackTeamCountry "GER"]

1. e4 e6 2. d4 d5 3. Nc3 Nc6 4. e5 f6 5. Bb5 fxe5 6. Qh5+ g6 7. Qxe5 Nf6 8. Nf3 Bg7 9. Bf4 0-0 10. Qxc7 Qxc7 11. Bxc7 Ne8 12. Be5 Nxe5 13. dxe5 a6 14. Bd3 Bd7 15. 0-0 Rc8 16. Ne2 Nc7 17. Ned4 Na8 18. Rfe1 Nb6 19. c3 Na4 20. Re2 Bh6 21. h4 Rf4 22. g3 Rff8 23. Nh2 Nb6 24. f4 Nc4 25. Nhf3 b5 26. Rae1 Rc7 27. Rh2 Bg7 28. Bf1 h6 29. Bd3 Kf7 30. h5 gxh5 31. f5 Rg8 32. Rf2 Bc8 33. fxe6+ Ke7 34. Nf5+ Ke8 35. N5d4 Bxe5 36. Nxe5 Nxe5 37. Rxe5 Rxg3+ 38. Rg2 Rxd3 39. Rg8+ Ke7 40. Rg7+ Kd6 41. e7 Bd7 42. Rxh5 Rc8 43. Rxh6+ Ke5 44. Kf2 Rh3 45. Nf3+ Kf4 46. Rf7+ Kg4 47. Ne5+ Kg5 48. Rg6+ 1-0

[Event "Landesliga Nord 1112"]
[Site "Bayern"]
[Date "2012.03.18"]
[Round "8.6"]
[White "Link, Klaus"]
[Black "Frey, Michael"]
[Result "1/2-1/2"]
[WhiteElo "1915"]
[BlackElo "2047"]
[PlyCount "33"]
[EventDate "2011.10.02"]
[EventType "team-tourn"]
[EventRounds "9"]
[EventCountry "GER"]
[SourceTitle "EXT 2015"]
[Source "ChessBase"]
[SourceDate "2014.11.20"]
[SourceVersion "1"]
[SourceVersionDate "2014.11.20"]
[SourceQuality "1"]
[WhiteTeam "Klingenberg/Main"]
[BlackTeam "Obernau"]
[WhiteTeamCountry "GER"]
[BlackTeamCountry "GER"]

1. e4 g6 2. d4 Bg7 3. Nc3 d6 4. f3 a6 5. Be3 b5 6. a3 Bb7 7. Qd2 Nd7 8. Nge2 Rc8 9. g3 c5 10. Bh3 cxd4 11. Bxd4 Ngf6 12. Nd5 e6 13. Nxf6+ Bxf6 14. 0-0-0 Nc5 15. Kb1 0-0 16. Bxf6 Qxf6 17. Qf4 1/2-1/2

[Event "Landesliga Nord 1112"]
[Site "Bayern"]
[Date "2012.02.05"]
[Round "6.7"]
[White "Frey, Michael"]
[Black "Gerl, Hans Peter"]
[Result "1-0"]
[WhiteElo "2047"]
[BlackElo "1950"]
[PlyCount "75"]
[EventDate "2011.10.02"]
[EventType "team-tourn"]
[EventRounds "9"]
[EventCountry "GER"]
[SourceTitle "EXT 2013"]
[Source "ChessBase"]
[SourceDate "2012.11.22"]
[SourceVersion "1"]
[SourceVersionDate "2012.11.22"]
[SourceQuality "1"]
[WhiteTeam "Obernau"]
[BlackTeam "Zirndorf"]
[WhiteTeamCountry "GER"]
[BlackTeamCountry "GER"]

1. e4 c5 2. Nc3 Nc6 3. d3 Nf6 4. g3 d6 5. Bg2 e6 6. f4 Qc7 7. Nf3 Be7 8. 0-0 0-0 9. h3 Rb8 10. Nb5 Qb6 11. a4 a6 12. Na3 Qc7 13. c3 b5 14. axb5 axb5 15. e5 Nd7 16. d4 d5 17. Nc2 b4 18. Ne3 bxc3 19. bxc3 Bb7 20. f5 Ra8 21. Rxa8 Rxa8 22. Nh4 cxd4 23. cxd4 Qb6 24. fxe6 fxe6 25. Nxd5 exd5 26. Bxd5+ Kh8 27. Nf5 Bf8 28. Be3 Ne7 29. Bxb7 Qxb7 30. Nd6 Qd5 31. Qg4 Ra2 32. Bf2 Nb8 33. Ne4 Nd7 34. Nc3 Rxf2 35. Nxd5 Rxf1+ 36. Kxf1 Nxe5 37. dxe5 Nxd5 38. Qf3 1-0

[Event "Bayern-chI Bank Hofmann 15th"]
[Site "Bad Wiessee"]
[Date "2011.10.30"]
[Round "2"]
[White "Teske, Henrik"]
[Black "Frey, Michael"]
[Result "1-0"]
[WhiteElo "2547"]
[BlackElo "2104"]
[PlyCount "141"]
[EventDate "2011.10.29"]
[EventType "swiss"]
[EventRounds "9"]
[EventCountry "GER"]
[SourceTitle "EXT 2012"]
[Source "ChessBase"]
[SourceDate "2011.11.24"]
[SourceVersion "1"]
[SourceVersionDate "2011.11.24"]
[SourceQuality "1"]

1. c4 f5 2. Nc3 Nf6 3. d4 d6 4. Bg5 Nc6 5. Bxf6 exf6 6. e3 g6 7. b4 Bg7 8. c5 d5 9. b5 Ne7 10. h4 h5 11. Nh3 Be6 12. Nf4 Bf7 13. g3 Bh6 14. Nd3 a5 15. bxa6 Rxa6 16. Qb3 Ra7 17. Nb5 Ra8 18. Be2 Qd7 19. a4 0-0 20. Nc3 Nc6 21. Qb5 Ra5 22. Qb2 Raa8 23. Nb4 Na5 24. Qc2 c6 25. Nb1 Rfe8 26. Nd2 Qc7 27. Ra3 Re7 28. f4 Rae8 29. Kf2 Kg7 30. Bf3 Kg8 31. Qb1 Bf8 32. Rc1 Kg7 33. Rac3 Ra8 34. Nd3 Ree8 35. Qc2 Qe7 36. Nb2 Qc7 37. Nb3 Nxb3 38. Rxb3 Be6 39. Rb1 Ra7 40. Nd1 Rea8 41. Nc3 Be7 42. Bd1 Bc8 43. Qd3 Bd8 44. R3b2 Qf7 45. Bb3 Be6 46. Ne2 Ba5 47. Bc2 Bc8 48. Rh1 Be6 49. Qd1 Bd7 50. Qb1 Be6 51. Rb3 Re8 52. Qb2 Rea8 53. Rb1 Bc8 54. Nc1 Qe7 55. Ra3 Bd2 56. Bd1 Bxc1 57. Rxc1 Ra5 58. Bc2 R8a7 59. Rb1 Qf7 60. Ke2 Qe7 61. Kd2 Ra8 62. Qc3 R8a7 63. Rb6 Qf7 64. Ra1 Qe7 65. Kc1 Qf7 66. Kb2 Qe7 67. Ka3 Qf7 68. Re1 Qe7 69. Qd3 Rxc5 70. dxc5 Qxc5+ 71. Rb4 1-0

[Event "Landesliga Nord 1112"]
[Site "Bayern"]
[Date "2011.10.23"]
[Round "2.7"]
[White "Frey, Michael"]
[Black "Singer, Michael"]
[Result "1/2-1/2"]
[WhiteElo "2047"]
[BlackElo "1922"]
[PlyCount "108"]
[EventDate "2011.10.02"]
[EventType "team-tourn"]
[EventRounds "9"]
[EventCountry "GER"]
[SourceTitle "EXT 2013"]
[Source "ChessBase"]
[SourceDate "2012.11.22"]
[SourceVersion "1"]
[SourceVersionDate "2012.11.22"]
[SourceQuality "1"]
[WhiteTeam "Obernau"]
[BlackTeam "Kelheim"]
[WhiteTeamCountry "GER"]
[BlackTeamCountry "GER"]

1. d4 d5 2. c4 e6 3. Nc3 c6 4. cxd5 exd5 5. Nf3 Nf6 6. Bg5 Bb4 7. Nd2 0-0 8. e3 Bf5 9. Qf3 Bg6 10. Bxf6 Qxf6 11. Qxf6 gxf6 12. Rc1 Nd7 13. a3 Bd6 14. h4 h6 15. g3 Rfe8 16. Bh3 f5 17. 0-0 Nf6 18. Na4 Ng4 19. Rc3 Re7 20. Rfc1 Rae8 21. Nf1 Nf6 22. Bg2 Ne4 23. Bxe4 fxe4 24. Nc5 Bh5 25. Rb3 Rb8 26. a4 Be2 27. Rbc3 b6 28. Nb3 Bc4 29. Nfd2 Bb4 30. R3c2 b5 31. axb5 cxb5 32. Ra1 a5 33. Nxc4 bxc4 34. Nc1 Reb7 35. Ne2 Rb5 36. Ra2 Kf8 37. Kg2 Ke7 38. f3 f5 39. Nf4 Rg8 40. h5 Bd6 41. Ng6+ Kf6 42. f4 Ra8 43. Kh3 Rb3 44. Re2 a4 45. Kg2 a3 46. bxa3 Raxa3 47. Rxa3 Bxa3 48. Kf1 Bc1 49. Ra2 Bxe3 50. Ra6+ Kf7 51. Ne5+ Kg7 52. Ra7+ Kf8 53. Nd7+ Ke8 54. Nf6+ Kf8 1/2-1/2

[Event "Unterfranken-ch M2 60th"]
[Site "Obernau"]
[Date "2009.04.17"]
[Round "7"]
[White "Sittinger, Lutz"]
[Black "Frey, Michael"]
[Result "0-1"]
[WhiteElo "1841"]
[BlackElo "2008"]
[PlyCount "210"]
[EventDate "2009.04.13"]
[EventType "swiss"]
[EventRounds "9"]
[EventCountry "GER"]
[SourceTitle "EXT 2015"]
[Source "ChessBase"]
[SourceDate "2014.11.20"]
[SourceVersion "1"]
[SourceVersionDate "2014.11.20"]
[SourceQuality "1"]

1. d4 f5 2. g3 Nf6 3. Bg2 g6 4. Nf3 Bg7 5. 0-0 d6 6. b3 0-0 7. Bb2 Qe8 8. c4 c6 9. e3 Bd7 10. Nbd2 Na6 11. a3 h6 12. h3 g5 13. Qc2 Qh5 14. Nh2 Kh8 15. Rfe1 Rf7 16. b4 Raf8 17. Rf1 Qg6 18. Bc3 Nc7 19. a4 d5 20. c5 Ne4 21. Nxe4 fxe4 22. Qe2 h5 23. Ra2 g4 24. h4 Ne6 25. Qb2 a6 26. Qb3 Rf5 27. Re2 Kh7 28. Rc1 Qf7 29. Rcc2 Bh6 30. Bb2 Ng7 31. Kf1 Qe6 32. Ke1 R5f7 33. a5 Nf5 34. Nf1 Qg6 35. Qc3 Bg7 36. Kd1 Bf6 37. Qe1 Rg8 38. Nd2 Bxh4 39. gxh4 Nxh4 40. Qh1 Qg5 41. Bxe4+ dxe4 42. Nxe4 Qd5 43. Qxh4 Qxe4 44. Qxh5+ Kg7 45. d5+ Kf8 46. dxc6 Bxc6 47. Red2 Ke8 48. Rd4 Qf3+ 49. Ke1 g3 50. Qxf3 Rxf3 51. fxg3 Rxe3+ 52. Re2 Rxe2+ 53. Kxe2 Rxg3 54. Rf4 Kd7 55. Be5 Ke6 56. Bh8 Rh3 57. Bg7 Rb3 58. Kd2 Kd5 59. Rd4+ Ke6 60. Rf4 Rh3 61. Ke2 Bb5+ 62. Kf2 Rd3 63. Bh8 Kd5 64. Rf7 Rd2+ 65. Ke3 Re2+ 66. Kf3 Re1 67. Rh7 Bc6 68. Kf2 Re4 69. Bc3 Kc4 70. Be1 Bd7 71. Rh6 Kd3 72. Rh8 Kc4 73. Rd8 Bc6 74. Bd2 e5 75. Rd6 Rg4 76. Ke3 Rg3+ 77. Kf2 Rg2+ 78. Ke3 Rg3+ 79. Kf2 Rb3 80. Ke2 Rxb4 81. Bxb4 Kxb4 82. Rd1 Kxc5 83. Rb1 Kd4 84. Kd2 e4 85. Rb4+ Kc5 86. Rb2 Kc4 87. Ke3 Kc3 88. Rb1 Bb5 89. Rg1 Kb4 90. Ra1 Ba4 91. Rb1+ Kxa5 92. Rxb7 Bc2 93. Rb2 Bd3 94. Kd4 Ka4 95. Rd2 Kb3 96. Rd1 a5 97. Ra1 a4 98. Ke3 a3 99. Kd2 Kb2 100. Rh1 a2 101. Rh8 Bc4 102. Rb8+ Bb3 103. Ra8 a1Q 104. Rxa1 Kxa1 105. Ke3 Bd5 0-1

[Event "Unterfranken-ch M2 60th"]
[Site "Obernau"]
[Date "2009.04.14"]
[Round "3"]
[White "Frey, Michael"]
[Black "Markert, Markus"]
[Result "0-1"]
[WhiteElo "2008"]
[BlackElo "1855"]
[PlyCount "136"]
[EventDate "2009.04.13"]
[EventType "swiss"]
[EventRounds "9"]
[EventCountry "GER"]
[SourceTitle "EXT 2015"]
[Source "ChessBase"]
[SourceDate "2014.11.20"]
[SourceVersion "1"]
[SourceVersionDate "2014.11.20"]
[SourceQuality "1"]

1. e4 c5 2. Nc3 e6 3. g3 Nc6 4. Bg2 d6 5. d3 Nge7 6. Be3 Ng6 7. Qd2 Bd7 8. f4 Rb8 9. Nf3 b5 10. 0-0 Be7 11. d4 b4 12. Nd1 Na5 13. b3 c4 14. Qf2 Bc6 15. f5 exf5 16. d5 Bb5 17. Nd4 Bf6 18. Qxf5 Bd7 19. Qf3 Ne5 20. Qf4 Nb7 21. h3 0-0 22. Rb1 c3 23. Nf5 Bb5 24. Re1 Rc8 25. Nf2 Ng6 26. Qf3 Ne5 27. Qd1 Nc5 28. Nd4 Bd7 29. Nf3 Re8 30. Nxe5 Bxe5 31. Bf4 Qf6 32. Qf3 Rc7 33. Rbd1 a5 34. Rf1 Qg6 35. h4 h5 36. Rfe1 Ra7 37. Nh3 Bg4 38. Qf2 Bxd1 39. Rxd1 Rae7 40. Re1 f6 41. Kh2 Qh7 42. Bc1 Qg6 43. Bf3 Qf7 44. Rd1 Ra8 45. a4 Rf8 46. Be3 Rc8 47. Kg2 Qg6 48. Bxc5 Rxc5 49. Re1 Qh6 50. Qe2 g6 51. Rd1 Rg7 52. Kf1 Rc8 53. Qa6 Rf8 54. Qe2 Kh8 55. Rd3 Rfg8 56. Bg2 g5 57. hxg5 fxg5 58. Kg1 g4 59. Nf2 Rf7 60. Nd1 Qc1 61. Kh1 Rgf8 62. Kh2 h4 63. Qxg4 hxg3+ 64. Kg1 Qh6 65. Bh3 Rf1+ 66. Kg2 R1f7 67. Ne3 Rf2+ 68. Kg1 Rh2 0-1

[Event "Unterfranken-ch M2 60th"]
[Site "Obernau"]
[Date "2009.04.13"]
[Round "1"]
[White "Frey, Michael"]
[Black "Schmid, Herbert"]
[Result "1-0"]
[WhiteElo "2008"]
[BlackElo "1635"]
[PlyCount "53"]
[EventDate "2009.04.13"]
[EventType "swiss"]
[EventRounds "9"]
[EventCountry "GER"]
[SourceTitle "EXT 2015"]
[Source "ChessBase"]
[SourceDate "2014.11.20"]
[SourceVersion "1"]
[SourceVersionDate "2014.11.20"]
[SourceQuality "1"]

1. e4 c6 2. d4 d5 3. Nc3 dxe4 4. Nxe4 Bf5 5. Ng3 Bg6 6. Nf3 Nd7 7. h4 h6 8. h5 Bh7 9. Bd3 Bxd3 10. Qxd3 e6 11. Bd2 Ngf6 12. 0-0-0 c5 13. Rhe1 Be7 14. Kb1 Rc8 15. d5 c4 16. Qe2 Nxd5 17. Bc1 Qb6 18. Rxd5 0-0 19. Rxd7 Bf6 20. Ne4 Bd8 21. Nc3 Bf6 22. Qe3 Qa5 23. Ne5 Qxe5 24. f4 Rc5 25. Ne4 Rb5 26. Nxf6+ gxf6 27. Qg3+ 1-0

[Event "Regionalliga NW 0809"]
[Site "Bayern"]
[Date "2009.03.15"]
[Round "8.4"]
[White "Kuhn, Tobias"]
[Black "Frey, Michael"]
[Result "1-0"]
[WhiteElo "2053"]
[BlackElo "2059"]
[PlyCount "55"]
[EventDate "2008.10.05"]
[EventType "team-tourn"]
[EventRounds "9"]
[EventCountry "GER"]
[SourceTitle "EXT 2020"]
[Source "ChessBase"]
[SourceDate "2019.10.17"]
[SourceVersion "1"]
[SourceVersionDate "2019.10.17"]
[SourceQuality "1"]
[WhiteTeam "Klingenberg"]
[BlackTeam "Obernau"]
[WhiteTeamCountry "GER"]
[BlackTeamCountry "GER"]

1. e4 c5 2. Nf3 d6 3. d4 cxd4 4. Nxd4 Nf6 5. Nc3 a6 6. Bg5 e6 7. f4 Be7 8. Qf3 Nbd7 9. 0-0-0 Qc7 10. g4 b5 11. Bxf6 Nxf6 12. g5 Nd7 13. f5 Ne5 14. Qh5 g6 15. Qh6 Ng4 16. Qh4 Ne3 17. Re1 Nxf1 18. Rhxf1 Qc5 19. Nb3 Qe5 20. Nd5 Bd8 21. Nf6+ Bxf6 22. gxf6 Ra7 23. Rg1 Rf8 24. Qxh7 gxf5 25. Qh6 fxe4 26. Rg4 Bb7 27. Reg1 Ra8 28. Qxf8+ 1-0

[Event "Regionalliga NW 0809"]
[Site "Bayern"]
[Date "2008.10.26"]
[Round "2.4"]
[White "Basel, Matthias"]
[Black "Frey, Michael"]
[Result "1-0"]
[WhiteElo "1994"]
[BlackElo "2059"]
[PlyCount "87"]
[EventDate "2008.10.05"]
[EventType "team-tourn"]
[EventRounds "9"]
[EventCountry "GER"]
[SourceTitle "EXT 2020"]
[Source "ChessBase"]
[SourceDate "2019.10.17"]
[SourceVersion "1"]
[SourceVersionDate "2019.10.17"]
[SourceQuality "1"]
[WhiteTeam "Kitzingen"]
[BlackTeam "Obernau"]
[WhiteTeamCountry "GER"]
[BlackTeamCountry "GER"]

1. d4 f5 2. g3 Nf6 3. Bg2 g6 4. h4 Nc6 5. h5 Nxh5 6. Rxh5 gxh5 7. e4 Bg7 8. Qxh5+ Kf8 9. Qxf5+ Kg8 10. c3 d6 11. Qh5 e5 12. Bg5 Qf8 13. Be3 Qf7 14. Qd1 Bd7 15. Na3 a6 16. d5 Ne7 17. Qb3 b5 18. c4 c6 19. Bf1 cxd5 20. cxd5 Rc8 21. Qb4 Qg6 22. Bd3 h5 23. Nf3 Bh6 24. Nh4 Qf6 25. Qd2 Kg7 26. Nc2 Ng6 27. 0-0-0 Nxh4 28. gxh4 Bxe3 29. Qxe3 Qh6 30. Rg1+ Bg4 31. Kd2 Rhf8 32. Rg2 Rc7 33. Be2 Qf4 34. Qxf4 Rxf4 35. f3 Kf6 36. fxg4 Rxe4 37. gxh5 Rxh4 38. Rg6+ Kf5 39. Rxd6 Rh2 40. Rc6 Rg7 41. Ne3+ Ke4 42. Rg6 Rf7 43. Rg4+ Rf4 44. d6 1-0

[Event "Oberpfalz-ch M2"]
[Site "Kareth Lappersdorf"]
[Date "2008.03.15"]
[Round "2"]
[White "Frey, Michael"]
[Black "Gassner, Michael"]
[Result "0-1"]
[WhiteElo "1630"]
[BlackElo "1863"]
[PlyCount "96"]
[EventDate "2008.03.15"]
[EventType "swiss"]
[EventRounds "8"]
[EventCountry "GER"]
[SourceTitle "EXT 2022"]
[Source "ChessBase"]
[SourceDate "2021.10.06"]
[SourceVersion "1"]
[SourceVersionDate "2021.10.06"]
[SourceQuality "1"]

1. e4 c5 2. Bc4 d6 3. Nc3 Nf6 4. d3 e6 5. a3 Be7 6. h3 a6 7. Nf3 b5 8. Ba2 Nbd7 9. 0-0 0-0 10. Nh2 Bb7 11. f4 Rc8 12. Ne2 Qc7 13. Ng3 Nb6 14. f5 d5 15. Bf4 Bd6 16. Bxd6 Qxd6 17. Nh5 Nbd7 18. Nxf6+ Nxf6 19. Ng4 exf5 20. exf5 Rfe8 21. Qf3 Re7 22. Rae1 Rce8 23. Rxe7 Rxe7 24. Nxf6+ Qxf6 25. Bxd5 Qd4+ 26. Qf2 Qxf2+ 27. Kxf2 Bxd5 28. g4 f6 29. Rg1 Kf7 30. Rg3 Re5 31. c3 g6 32. fxg6+ hxg6 33. h4 f5 34. g5 Ke6 35. Re3 f4 36. Rh3 Kf5 37. h5 Kg4 38. Rh2 gxh5 39. g6 Rg5 40. c4 Bc6 41. b4 Rxg6 42. cxb5 axb5 43. bxc5 h4 44. d4 h3 45. Ke1 Bg2 46. Rxg2+ hxg2 47. Kf2 Kf5 48. Kg1 Ke6 0-1

[Event "Regionalliga NW 0607"]
[Site "Bayern"]
[Date "2007.03.18"]
[Round "7.3"]
[White "Hild, Detlef"]
[Black "Frey, Michael"]
[Result "0-1"]
[WhiteElo "2038"]
[BlackElo "1940"]
[PlyCount "56"]
[EventDate "2006.10.15"]
[EventType "team-tourn"]
[EventRounds "9"]
[EventCountry "GER"]
[SourceTitle "EXT 2008"]
[Source "ChessBase"]
[SourceDate "2007.11.25"]
[SourceVersion "1"]
[SourceVersionDate "2007.11.25"]
[SourceQuality "1"]
[WhiteTeam "Nordhalben"]
[BlackTeam "Schweinheim"]
[WhiteTeamCountry "GER"]
[BlackTeamCountry "GER"]

1. Nf3 f5 2. g3 Nf6 3. Bg2 g6 4. 0-0 Bg7 5. c4 d6 6. d4 0-0 7. Nc3 Qe8 8. Qc2 c6 9. e4 e5 10. Re1 f4 11. gxf4 Nh5 12. fxe5 Bg4 13. Ng5 dxe5 14. d5 h6 15. f3 Bd7 16. Nh3 Qe7 17. Rf1 Qc5+ 18. Qf2 Qxc4 19. Be3 Nf4 20. Nxf4 exf4 21. Bxa7 Rxa7 22. Rfd1 Ra5 23. Qb6 Qc5+ 24. Qxc5 Rxc5 25. Na4 Rc2 26. Nb6 cxd5 27. Rxd5 Bc6 28. Rd6 Rxb2 0-1